AutoCAD in 3 dimensions using AutoCAD 2004
Đã lưu trong:
| 主要作者: | |
|---|---|
| 格式: | 圖書 |
| 語言: | Undetermined |
| 出版: |
U.S.A.
2004
|
| 主題: | |
| 標簽: |
添加標簽
沒有標簽, 成為第一個標記此記錄!
|
| Thư viện lưu trữ: | Trung tâm Học liệu Trường Đại học Cần Thơ |
|---|
| LEADER | 00601nam a2200193Ia 4500 | ||
|---|---|---|---|
| 001 | CTU_97048 | ||
| 008 | 210402s9999 xx 000 0 und d | ||
| 020 | |c 67.00 | ||
| 082 | |a 620.0042 | ||
| 082 | |b E84 | ||
| 100 | |a Ethier, Stephen J. | ||
| 245 | 0 | |a AutoCAD in 3 dimensions using AutoCAD 2004 | |
| 245 | 0 | |c Stephen J. Ethier, Christine A. Ethier | |
| 260 | |a U.S.A. | ||
| 260 | |c 2004 | ||
| 650 | |a AutoCAD,Computer graphics,Three-dimensional display systems | ||
| 904 | |i M.Loan | ||
| 910 | |a Sách kèm đĩa có số AV.000649 | ||
| 980 | |a Trung tâm Học liệu Trường Đại học Cần Thơ | ||